=LDR 00000nam 2200000 4500 =001 INLIS000000000012900 =005 20130612104357 =008 ***********************************Ind** =035 ##$$0010-061300000012900 =041 ##$$a Ind =082 ##$$a 158.1 =090 ##$$a 158.1, Irm h =100 ##$$a Irmim, Suyito =245 ##$$a Hand Out Pribadi Sukses, Soeyitno Irmim =260 ##$$a 2004 $b Jakarta =300 ##$$a ix, 108 hlm., 21 cm =650 ##$$a Sukses =650 ##$$a Aspek Psikologis =850 ##$$a NBPNMAT